<?xml version="1.0" encoding="UTF-8"?>
<record
    xmlns:xsi="http://www.w3.org/2001/XMLSchema-instance"
    xsi:schemaLocation="http://www.loc.gov/MARC21/slim http://www.loc.gov/standards/marcxml/schema/MARC21slim.xsd"
    xmlns="http://www.loc.gov/MARC21/slim">

  <leader>00947nam a22002537a 4500</leader>
  <controlfield tag="005">20170123162348.0</controlfield>
  <datafield tag="010" ind1=" " ind2=" ">
    <subfield code="a">A-842585</subfield>
  </datafield>
  <datafield tag="020" ind1=" " ind2=" ">
    <subfield code="c">35.00</subfield>
  </datafield>
  <datafield tag="035" ind1=" " ind2=" ">
    <subfield code="a">A-842585</subfield>
  </datafield>
  <datafield tag="037" ind1=" " ind2=" ">
    <subfield code="b">Cen Lib/Ret</subfield>
  </datafield>
  <datafield tag="040" ind1=" " ind2=" ">
    <subfield code="a">DPL</subfield>
    <subfield code="b">UR</subfield>
  </datafield>
  <datafield tag="082" ind1=" " ind2=" ">
    <subfield code="a">615.54</subfield>
    <subfield code="b">&#x627; &#x628; &#x648; </subfield>
  </datafield>
  <datafield tag="100" ind1=" " ind2=" ">
    <subfield code="a">&#x627;&#x628;&#x648; &#x645;&#x631;&#x648;&#x627;&#x646; &#x639;&#x628;&#x62F; &#x627;&#x644;&#x645;&#x644;&#x6A9; &#x627;&#x628;&#x646; &#x632;&#x6C1;&#x631; </subfield>
    <subfield code="9">134819</subfield>
  </datafield>
  <datafield tag="245" ind1=" " ind2=" ">
    <subfield code="a">&#x6A9;&#x62A;&#x627;&#x628; &#x627;&#x644;&#x62A;&#x6CC;&#x633;&#x6CC;&#x631; /</subfield>
    <subfield code="c">&#x627;&#x628;&#x648; &#x645;&#x631;&#x648;&#x627;&#x646; &#x639;&#x628;&#x62F; &#x627;&#x644;&#x645;&#x644;&#x6A9; &#x627;&#x628;&#x646; &#x632;&#x6C1;&#x631; </subfield>
  </datafield>
  <datafield tag="246" ind1=" " ind2=" ">
    <subfield code="a">Kitabul teeseer /</subfield>
    <subfield code="b">by Abu Marwan AbdulMulk Ibn-e-Zahir </subfield>
  </datafield>
  <datafield tag="260" ind1=" " ind2=" ">
    <subfield code="a">&#x646;&#x6CC;&#x6CC; &#x62F;&#x6C1;&#x644;&#x6CC; </subfield>
    <subfield code="b">&#x633;&#x646;&#x679;&#x631;&#x644; &#x6A9;&#x648;&#x646;&#x633;&#x644; &#x641;&#x627;&#x631; &#x631;&#x6CC;&#x633;&#x631;&#x686; &#x627;&#x646; &#x6CC;&#x648;&#x646;&#x627;&#x646;&#x6CC; &#x645;&#x6CC;&#x688;&#x6CC;&#x633;&#x646; </subfield>
    <subfield code="c">1986</subfield>
  </datafield>
  <datafield tag="270" ind1=" " ind2=" ">
    <subfield code="b">&#x646;&#x6CC;&#x6CC; &#x62F;&#x6C1;&#x644;&#x6CC; </subfield>
    <subfield code="a">&#x665;&#x60C; &#x67E;&#x646;&#x686;&#x634;&#x6CC;&#x644; &#x634;&#x648;&#x67E;&#x646;&#x6AF; &#x633;&#x646;&#x679;&#x631; </subfield>
    <subfield code="e">110017</subfield>
  </datafield>
  <datafield tag="300" ind1=" " ind2=" ">
    <subfield code="a">266p.</subfield>
    <subfield code="c">21cm(Hb)</subfield>
  </datafield>
  <datafield tag="650" ind1=" " ind2=" ">
    <subfield code="a">&#x645;&#x6CC;&#x688;&#x6CC;&#x6A9;&#x644; &#x633;&#x627;&#x626;&#x646;&#x633; </subfield>
    <subfield code="9">646</subfield>
  </datafield>
  <datafield tag="650" ind1=" " ind2=" ">
    <subfield code="a">&#x6CC;&#x648;&#x646;&#x627;&#x646;&#x6CC; &#x645;&#x6CC;&#x688;&#x6CC;&#x633;&#x646; </subfield>
    <subfield code="9">1541</subfield>
  </datafield>
  <datafield tag="650" ind1=" " ind2=" ">
    <subfield code="a">Medical science</subfield>
    <subfield code="9">134820</subfield>
  </datafield>
  <datafield tag="650" ind1=" " ind2=" ">
    <subfield code="a">Unani medicine</subfield>
    <subfield code="9">97588</subfield>
  </datafield>
  <datafield tag="942" ind1=" " ind2=" ">
    <subfield code="2">ddc</subfield>
    <subfield code="c">UR</subfield>
    <subfield code="h">615.54</subfield>
    <subfield code="m">&#x627; &#x628; &#x648; </subfield>
  </datafield>
  <datafield tag="999" ind1=" " ind2=" ">
    <subfield code="c">109026</subfield>
    <subfield code="d">109026</subfield>
  </datafield>
  <datafield tag="952" ind1=" " ind2=" ">
    <subfield code="0">0</subfield>
    <subfield code="1">0</subfield>
    <subfield code="4">0</subfield>
    <subfield code="7">0</subfield>
    <subfield code="a">L</subfield>
    <subfield code="b">L</subfield>
    <subfield code="d">2016-02-18</subfield>
    <subfield code="e">Cen Lib/Ret</subfield>
    <subfield code="g">35.00</subfield>
    <subfield code="l">0</subfield>
    <subfield code="o">615.54 &#x627; &#x628; &#x648;</subfield>
    <subfield code="p">A-842585</subfield>
    <subfield code="r">2016-02-18 00:00:00</subfield>
    <subfield code="t">1</subfield>
    <subfield code="v">35.00</subfield>
    <subfield code="w">2016-02-18</subfield>
    <subfield code="y">UR</subfield>
  </datafield>
</record>
